| 000 | 00506nam a2200181 a 4500 | ||
|---|---|---|---|
| 001 | 0301 | ||
| 005 | 20140414131941.0 | ||
| 008 | 040909s19uu xx 00 eng d | ||
| 020 | _a1-86504-139-4 | ||
| 050 |
_aTR 372.5 _bL96 1999 |
||
| 245 |
_aLucky and hobbies / _cillustrated by Greg Somers. |
||
| 260 |
_aAustralia : _bScholastic Australia, _c1999. |
||
| 300 | _a32 p . : ill. ; cm. | ||
| 650 |
_aCreative activities _xjuvenile literature. |
||
| 999 |
_c112607 _d112607 |
||